Wszystkie otoczenia w The Sims 4 - Statystyki

Ogólne statystyki
  • Ten quiz został rozwiązany 147 razy
  • Średni wynik to 8 z 16
Statystyki odpowiedzi
Rozszerzenie: Otoczenie % Poprawnych
Gra podstawowa Wierzbowa Zatoczka
94%
Gra podstawowa Oaza Zdrój
82%
Gra podstawowa Newcrest
80%
StrangerVille StrangerVille
66%
Wyspiarskie Życie Sulani
64%
Spotkajmy się Windenburg
58%
Witaj w pracy Promenada Magnolii
55%
Miejskie życie San Myshuno
52%
Ucieczka w plener Granitowe Kaskady
41%
Zostań gwiazdą Del Sol Valley
33%
Wampiry Forgotten Hollow
31%
Psy i koty Brindleton Bay
30%
Kraina Magii Glimmerbrook
29%
Przygoda w dżungli Selvadorada
29%
Uniwersytet Britechester
22%
Kraina Magii Kraina Magii
21%
Nie znaleziono quizów pasujących do podanych kryteriów
Rozkład punktacji
Procent ludzi z każdym wynikiem
Percentyl według liczby udzielonych odpowiedzi
Twoja historia wyników
Nie rozwiązałeś tego quizu